|
|
|
|
| LEADER |
01207ncm a2200373 a 4500 |
| 001 |
000292657 |
| 003 |
CZ BrMZK |
| 005 |
19990305143423.0 |
| 008 |
990305s1999 xr f cze d |
| 028 |
0 |
3 |
|b Spino
|
| 040 |
|
|
|a BOA001
|b cze
|
| 080 |
|
|
|a 786.8
|2 MRF
|
| 100 |
1 |
|
|a Blažek, Karel,
|d 1921-
|7 xx0006038
|4 cmp
|
| 245 |
1 |
0 |
|a 10 polek pro akordeon
|h [hudebnina] /
|c Karel Blažek.
|
| 246 |
3 |
2 |
|a Dožínková
|
| 246 |
3 |
3 |
|a Hbité prsty
|
| 246 |
3 |
3 |
|a Hádavá
|
| 246 |
3 |
3 |
|a Květnová
|
| 246 |
3 |
3 |
|a Malý harmonikář
|
| 246 |
3 |
3 |
|a Náladová
|
| 246 |
3 |
3 |
|a Prázdninová
|
| 246 |
3 |
3 |
|a Rozmarná
|
| 246 |
3 |
3 |
|a Skotačivá
|
| 246 |
3 |
3 |
|a Závěrečná
|
| 246 |
3 |
|
|a Deset polek pro akordeon
|
| 260 |
|
|
|a Sezimovo Ústí :
|b Spino,
|c [1999]
|
| 300 |
|
|
|a 20 s. ;
|c 30 cm
|
| 500 |
|
|
|a Určeno pro 1. stupeň žáků ZUŠ
|
| 505 |
2 |
|
|a Malý harmonikář, Hbité prsty, Skotačivá ... [et al.]
|
| 653 |
0 |
|
|a akordeon
|a akordeonové instruktivní skladby
|a akordeonové taneční skladby
|
| 910 |
|
|
|a BOA001
|b Mus4-1063.732
|
| 964 |
|
|
|a Akordeon
|x skladby instruktivní
|x HUD
|
| 990 |
|
|
|a MU
|
| 996 |
6 |
|
|b 2610101250
|c Mus4-1063.732
|l MZK
|r Sklad / do 1 hodiny
|n 4
|p p.v.
|w 000292657
|u 000010
|a 1
|e BOA001
|j MZK50
|s P
|